| 000 | 00598nam a22002057i 4500 | ||
|---|---|---|---|
| 003 | URS | ||
| 005 | 20220114152618.0 | ||
| 008 | 170306b xxu||||| |||| 00| 0 eng d | ||
| 040 |
_erda _cURSP-College Library _beng |
||
| 050 | 0 | 0 | _bSO66 1957 |
| 100 | 1 | _aSophocles II | |
| 245 |
_aAjax The Women of Trachis Electra Philoctetes _cSophocles II |
||
| 264 | 1 |
_aNew York _bWashington Square Press, Incorporated _c1957. |
|
| 300 |
_a197pages _c18cm. |
||
| 336 |
_atext _btxt _2rdacontent |
||
| 337 |
_aunmediated _bn _2rdamedia |
||
| 338 |
_avolume _bnc _2rdacarrier |
||
| 500 | _aIncludes | ||
| 942 |
_2lcc _cFR |
||
| 999 |
_c7055 _d7055 |
||